000 00968nam a22002057a 4500
008 150625b xxu||||| |||| 00| 0 eng d
020 _a0421439904
050 _aKD442.H68
100 _aBradney, Anthony
245 _aHow to study law. /
_cAnthony Bradney et al...
250 _a2nd ed.
260 _aLondon:
_bSweet & Maxwell,
_cc1991.
300 _axiv, 277p.
_c21cm.
500 _aincludes index
505 _aContents: Sources of the law -- Divisions of law -- Law in action/law in books -- Finding cases and statutes -- Reading cases and statutes -- Reading research materials -- Study skills -- Statutes I -- Statutes II -- Cases I -- Cases II(i) -- Reading research materials -- Study skills exercise -- Where next? -- Appendix I: careers directory -- Appendix II: abbreviations -- Appendix III: further reading -- Appendix IV: exercise answers.
700 _aFisher, Victoria
700 _aMasson, Judith
700 _aNeal, Alan C.
942 _2lcc
_cBK
999 _c5557
_d13057